| 000 | 01084cab a2200193 4500 | ||
|---|---|---|---|
| 001 | ##L132185 | ||
| 008 | 060117n2006 000 0 eng u | ||
| 035 | _a(Sirsi) u132185 | ||
| 041 | 0 | _aeng | |
| 100 | 1 | _aGoodman, Michael | |
| 245 | 0 | 2 | _aA lucky escape |
| 260 | _c2006 | ||
| 490 | 0 |
_aSolicitors Journal _v150(1) 13 January 2006, 14-15(2) |
|
| 520 | _aReports the facts of, and comments upon, Huseyin Akici v L R Butlin Ltd ([2005] EWCA Civ 1296, L132172), where inadequate drafting of a notice under s146 of the Law of Property Act denied the landlord, B, the remedy of forfeiture. Warns that landlords must draft s146 notices very carefully, quoting from the lease the particular breach complained of. New leases should contain comprehensive alienation clauses preventing the tenant parting with or sharing occupation or possession. | ||
| 590 | _aIKA170106 | ||
| 650 | 2 | 4 | _aHUSEYIN AKICI V L R BUTLIN LTD |
| 690 | _aPROPERTY-COMMERCIAL PROPERTY-LEASEHOLD COMMERCIAL PROPERTY-COMMERCIAL LANDLORD AND TENANT-BUSINESS TENANCIES-FORFEITURE OF BUSINESS TENANCIES | ||
| 942 | _n0 | ||
| 999 |
_c76357 _d76357 |
||